| 000 | 00997nam a2200301 i 4500 | ||
|---|---|---|---|
| 003 | IT-RoINE | ||
| 005 | 20180904110829.0 | ||
| 008 | 030408s2002 sp | ||1 ||spa d | ||
| 020 | _a8479146265 | ||
| 040 |
_aSpMaBN _cSpMaBN IT-RoINE _dIT-RoINE |
||
| 100 | 1 |
_aRodríguez Carmona, Antonio, _d1933- _93104 |
|
| 245 | 1 | 3 |
_aLa religión judía : _bhistoria y teología / _cAntonio Rodríguez Carmona. |
| 250 | _a2ª ed. (act.) | ||
| 260 |
_aMadrid : _bBiblioteca de Autores Cristianos, _c2002. |
||
| 300 |
_aXXXVI, 761 p. ; _c20 cm. |
||
| 336 |
_2rdacontent _atext |
||
| 337 |
_2rdamedia _aunmediated |
||
| 338 |
_2rdacarrier _avolume |
||
| 490 | 1 |
_aBiblioteca de autores cristianos ; _v611 |
|
| 490 | 1 | _aSemina verbi | |
| 500 | _aIncluye índices. | ||
| 504 | _aBibliografía: p. [695]-701. | ||
| 650 | 4 |
_aJudaísmo _xDoctrinas _922487 |
|
| 650 | 4 |
_922486 _aJudaísmo _xHistoria |
|
| 830 | 0 |
_9843 _aBiblioteca de Autores Cristianos ; _v611 |
|
| 830 | 0 |
_913877 _aSemina Verbi |
|
| 942 | _cMTS | ||
| 999 |
_c10865 _d10865 |
||